| 000 | 00459nam a2200169Ia 4500 | ||
|---|---|---|---|
| 008 | 180921t2016 xxu||||| |||| 00| 0 sin d | ||
| 041 | _asin | ||
| 080 |
_a133.52 _bRAT |
||
| 100 | _aRathuwithana,Piyasena | ||
| 245 | _aජ්යොතීෂ භාවාර්ථය | ||
| 246 | _aJaoythisya Bawarthaya | ||
| 260 |
_bGanga Namalee Rathuwithana _a _c2016 |
||
| 300 | _b232p, 22cm | ||
| 942 | _cBK | ||
| 999 |
_c4618 _d4618 |
||
| 003 | LK-CoDNM | ||
| 040 |
_aLK-CoDNM _dLK-CoDNM _eLK-CoDNM |
||